[Event "SVK-chT5 A22 2223"]
[Site "Slovakia"]
[Date "2023.03.04"]
[Round "8.2"]
[White "Kolarovic, Michal"]
[Black "Rusnacik, Milan"]
[Result "1/2-1/2"]
[WhiteElo "1407"]
[BlackElo "1301"]
[PlyCount "121"]
[EventDate "2022.10.15"]
[EventType "team-tourn"]
[EventRounds "9"]
[EventCountry "SVK"]
[SourceTitle "EXT 2024"]
[Source "ChessBase"]
[SourceDate "2023.10.10"]
[SourceVersion "1"]
[SourceVersionDate "2023.10.10"]
[SourceQuality "1"]
[WhiteTeam "Pecenady"]
[BlackTeam "Modranka Komplet Seniors"]
[WhiteTeamCountry "SVK"]
[BlackTeamCountry "SVK"]

1. d4 Nf6 2. c4 e6 3. e3 d5 4. Nf3 c6 5. Nbd2 Be7 6. b3 Nbd7 7. Bb2 0-0 8. Be2 b6 9. 0-0 Bb7 10. Qc1 Rc8 11. Re1 Qc7 12. h3 Bb4 13. a3 Bd6 14. a4 Bb4 15. Ba3 Bxa3 16. Qxa3 a5 17. Qb2 Rfe8 18. Qb1 c5 19. dxc5 Nxc5 20. Nd4 Qd8 21. Bf3 Nce4 22. Bxe4 Nxe4 23. Nxe4 dxe4 24. Rd1 Qf6 25. Ne2 h6 26. Rd2 Red8 27. Raa2 Rxd2 28. Rxd2 Qe5 29. Qb2 Qxb2 30. Rxb2 Rd8 31. Ng3 f5 32. Kf1 Kf7 33. Ke1 Kg6 34. Rd2 Rd3 35. Rxd3 exd3 36. f3 Kg5 37. Kd2 e5 38. Kxd3 h5 39. Nf1 h4 40. Ke2 Kh5 41. Kf2 g5 42. Nd2 Bc6 43. Nb1 Kg6 44. Nc3 e4 45. fxe4 fxe4 46. g3 hxg3+ 47. Kxg3 Kf5 48. Ne2 Be8 49. Nd4+ Kf6 50. h4 gxh4+ 51. Kxh4 Ke5 52. Kg5 Bd7 53. Ne2 Kd6 54. Kf4 Bc6 55. Nd4 Bb7 56. Nc2 Bc6 57. Nd4 Bb7 58. Kf5 Kc5 59. Ke5 Kb4 60. Kd6 Bc8 61. Kc6 1/2-1/2

[Event "SVK-chT5 A22 2223"]
[Site "Slovakia"]
[Date "2022.12.17"]
[Round "4.2"]
[White "Karel, Branislav"]
[Black "Kolarovic, Michal"]
[Result "0-1"]
[WhiteElo "1412"]
[BlackElo "1407"]
[PlyCount "68"]
[EventDate "2022.10.15"]
[EventType "team-tourn"]
[EventRounds "9"]
[EventCountry "SVK"]
[SourceTitle "EXT 2024"]
[Source "ChessBase"]
[SourceDate "2023.10.10"]
[SourceVersion "1"]
[SourceVersionDate "2023.10.10"]
[SourceQuality "1"]
[WhiteTeam "Surovce Juniors"]
[BlackTeam "Pecenady"]
[WhiteTeamCountry "SVK"]
[BlackTeamCountry "SVK"]

1. e4 c5 2. Nf3 d6 3. d4 cxd4 4. Nxd4 e6 5. g3 b6 6. Bg2 Bb7 7. 0-0 Be7 8. Nc3 a6 9. Be3 Nf6 10. h3 Nbd7 11. f4 0-0 12. g4 g6 13. Nde2 Nc5 14. Ng3 Rb8 15. Qe2 b5 16. a3 Ne8 17. Rad1 Qc8 18. g5 f6 19. h4 f5 20. Bc1 Qc7 21. h5 Rf7 22. Bf3 Bf8 23. Kg2 Rd8 24. Rh1 Bg7 25. Rh4 Rfd7 26. b4 Bxc3 27. bxc5 Qxc5 28. exf5 Bxf3+ 29. Kxf3 exf5 30. Qe6+ Kh8 31. hxg6 Qc6+ 32. Rd5 Ng7 33. Qg8+ Kxg8 34. gxh7+ Kh8 0-1

[Event "Piestany Augustus Cup"]
[Site "Piestany"]
[Date "2022.07.15"]
[Round "7"]
[White "Calon, Jozef"]
[Black "Kolarovic, Michal"]
[Result "0-1"]
[WhiteElo "1223"]
[BlackElo "1404"]
[PlyCount "116"]
[EventDate "2022.07.15"]
[EventType "swiss (rapid)"]
[EventRounds "7"]
[EventCountry "SVK"]
[SourceTitle "CBM 209 Extra"]
[Source "ChessBase"]
[SourceDate "2022.09.30"]
[SourceVersion "1"]
[SourceVersionDate "2022.09.30"]
[SourceQuality "1"]

1. d4 Nf6 2. e3 d5 3. c4 c6 4. c5 e6 5. Nf3 Be7 6. Be2 0-0 7. 0-0 Nbd7 8. b3 b6 9. cxb6 Qxb6 10. Bb2 Ba6 11. Bxa6 Qxa6 12. Nbd2 h6 13. h3 Ne4 14. Nxe4 dxe4 15. Nd2 Nf6 16. Nc4 Rfc8 17. Nd2 c5 18. dxc5 Rxc5 19. Nc4 Rd8 20. Qc2 Qc6 21. Qe2 Qb5 22. Rfe1 Nd7 23. Bd4 Rd5 24. Bxa7 Bf6 25. Bd4 Bxd4 26. exd4 Rxd4 27. Qe3 Qd5 28. Qg3 Rd3 29. Qc7 Nf6 30. Ne5 Qd6 31. Qxf7+ Kh8 32. Ng6+ Kh7 33. Ne7 Qd7 34. Qg6+ Kh8 35. Qf7 Qe8 36. Ng6+ Kh7 37. Qxe8 Rxe8 38. Ne5 Rd6 39. Nc4 Rd4 40. Red1 Red8 41. Rxd4 Rxd4 42. Ne5 Kg8 43. Nc6 Rd2 44. Ne7+ Kf7 45. Nc6 g6 46. Ne5+ Kg7 47. Nc4 Rd4 48. Kh2 g5 49. Ne5 Rd2 50. Kg3 Nh5+ 51. Kh2 Nf4 52. Ng4 Kg6 53. Ne5+ Kf6 54. Ng4+ Kg6 55. Kg3 h5 56. Ne3 Nd3 57. Rf1 h4+ 58. Kg4 Ne5# 0-1